What do you want to be? (Record no. 443627)

MARC details
000 -LEADER
fixed length control field 00497nam a2200193Ia 4500
008 - FIXED-LENGTH DATA ELEMENTS--GENERAL INFORMATION
fixed length control field 210417s9999 xx 000 0 und d
020 ## - INTERNATIONAL STANDARD BOOK NUMBER
International Standard Book Number 9780198473138
-- 198473133
082 ## - DEWEY DECIMAL CLASSIFICATION NUMBER
Classification number 370.114 BER
Item number 2.370.114BER
245 #0 - TITLE STATEMENT
Title What do you want to be?
Statement of responsibility, etc. What do you want to be
250 ## - EDITION STATEMENT
Remainder of edition statement 24 p. : col. ; ill. ; 22 cm. ; pbk.
260 ## - PUBLICATION, DISTRIBUTION, ETC.
Place of publication, distribution, etc. Oxford
Name of publisher, distributor, etc. Oxford University Press
Date of publication, distribution, etc. 2003
700 ## - ADDED ENTRY--PERSONAL NAME
Personal name "Berry, Shilo"
Numeration Shilo Berry
Holdings
Withdrawn status Lost status Damaged status Not for loan Home library Current library Date acquired Total Checkouts Barcode Date last seen Price effective from Koha item type
        Anna Centenary Library Anna Centenary Library 17.04.2021   557220 17.04.2021 17.04.2021 Books

Find us on the map